000 00348nam a2200145Ia 4500
008 230917s9999||||xx |||||||||||||| ||und||
040 _e137330
_aMAIN
041 _aEnglish
082 _a658.4092 S57L
100 _aSmith, Geoff
245 0 _aLeading the professionals
260 _aLondon
_bKogan Page
_c2004
300 _a255p p.
942 _cBK
999 _c119939
_d119939